| 000 | 01760cam a22002658i 4500 | ||
|---|---|---|---|
| 001 | TB12407 | ||
| 003 | IN-BhIIT | ||
| 005 | 20250907214011.0 | ||
| 008 | 210525s2022 enk b 001 0 eng | ||
| 020 | _a9781108457262 (PBK.) | ||
| 040 | _aIN-BhIIT | ||
| 041 | _aeng | ||
| 082 | 0 | 0 |
_a184 _bEBR/C |
| 245 | 0 | 4 |
_aThe cambridge companion to plato / _cedited by David Ebrey. |
| 250 | _a2nd ed. | ||
| 260 |
_aNew York : _bCambridge University Press, _c2022. |
||
| 300 |
_axvii, 620 p. : _bill. ; _c24 cm |
||
| 490 | 0 | _aCambridge companions to philosophy | |
| 504 | _aIncludes bibliographical references and index. | ||
| 520 | _aThe first edition of the Cambridge Companion to Plato (1992), edited by Richard Kraut, shaped scholarly research and guided new students for thirty years. This new edition introduces students to fresh approaches to Platonic dialogues while advancing the next generation of research. Of its seventeen chapters, nine are entirely new, written by a new generation of scholars. Six others have been thoroughly revised and updated by their original authors. The volume covers the full range of Plato's interests, including ethics, political philosophy, epistemology, metaphysics, aesthetics, religion, mathematics, and psychology. Plato's dialogues are approached as unified works and considered within their intellectual context, and the revised introduction suggests a way of reading the dialogues that attends to the differences between them while also tracing their interrelations. The result is a rich and wide-ranging volume which will be valuable for all students and scholars of Plato. | ||
| 650 | _aPhilosophy | ||
| 700 | 1 |
_aEbrey, David, _eeditor. _925962 |
|
| 700 | 1 |
_aKraut, Richard, _eJoint editor. _925963 |
|
| 942 | _cTB | ||
| 999 |
_c14668 _d14668 |
||